| 000 | 01427nam a2200409 c 4500 | ||
|---|---|---|---|
| 001 | 53360 | ||
| 003 | ES-MaCES | ||
| 005 | 20250203132840.0 | ||
| 008 | 241010s2024 sp 000 | spa d | ||
| 017 |
_aAB 489-2024 _bDL |
||
| 020 | _a9788419574626 | ||
| 040 |
_aES-MaCES _bspa _cES-MaCES |
||
| 100 | 1 |
_918474 _aMerino Segovia, Amparo |
|
| 245 | 1 | 3 |
_aMarco jurídico de la negociación colectiva _b: contiene las modificaciones introducidas hasta septiembre de 2024 _cAmparo Merino Segovia, Francisco Trillo Parra |
| 250 | _a5ª ed | ||
| 260 |
_aAlbacete _bBomarzo _c2024 |
||
| 300 |
_a250 p. _c27 cm |
||
| 490 | 1 | _aManuales prácticos | |
| 541 | _cCompra | ||
| 650 | 4 |
_aconvenio colectivo _928361 |
|
| 650 | 4 |
_aextensión del convenio colectivo _930041 |
|
| 650 | 4 |
_anegociación colectiva _928362 |
|
| 650 | 4 |
_arelaciones laborales _928369 |
|
| 650 | 4 |
_aderecho del trabajo _927165 |
|
| 650 | 4 |
_alegislación del trabajo _927166 |
|
| 650 | 4 |
_areforma legislativa _929892 |
|
| 650 | 4 |
_aEspaña _926964 |
|
| 650 | 4 |
_a2021 _939925 |
|
| 650 | 4 |
_a2024 _941055 |
|
| 650 | 4 |
_arégimen jurídico _929894 |
|
| 653 | 1 | 0 | _aDerecho del trabajo y Seguridad Social |
| 700 | 1 |
_925182 _aTrillo Párraga, Francisco José |
|
| 787 | 0 |
_tMarco jurídico de la negociación colectiva _w(ES-MaCES)52378 |
|
| 830 | 0 |
_aManuales prácticos (Editorial Bomarzo) _934603 |
|
| 902 | _aLIB Libro | ||
| 942 |
_2CES _cBK _h6.0.1. |
||
| 999 |
_c53360 _d53360 |
||